[Event "Olympiad-45"]
[Site "Budapest"]
[Date "2024.09.22"]
[Round "11.1"]
[White "Chinchilla, Alejandro Jose"]
[Black "Mwali, Chitumbo"]
[Result "1/2-1/2"]
[WhiteElo "2113"]
[BlackElo "2312"]
[PlyCount "76"]
[EventDate "2024.09.11"]
[EventType "team-swiss"]
[EventRounds "11"]
[EventCountry "HUN"]
[SourceTitle "EXT 2025"]
[Source "ChessBase"]
[SourceDate "2024.10.14"]
[SourceVersion "1"]
[SourceVersionDate "2024.10.14"]
[SourceQuality "1"]
[WhiteTeam "Honduras"]
[BlackTeam "Zambia"]
[WhiteTeamCountry "HON"]
[BlackTeamCountry "ZAM"]

1. e4 e5 2. Nf3 Nc6 3. Bc4 Nf6 4. Ng5 d5 5. exd5 Na5 6. Bb5+ c6 7. dxc6 bxc6 8. Bd3 h6 9. Ne4 Nd5 10. 0-0 Be7 11. Re1 0-0 12. Ng3 Bd6 13. Bf5 Bb7 14. d3 c5 15. Nc3 Ne7 16. Be4 Nac6 17. Nf5 Nxf5 18. Bxf5 Rb8 19. Ne4 Be7 20. Ng3 Nd4 21. Be4 Bc8 22. c3 f5 23. cxd4 fxe4 24. Nxe4 Qxd4 25. Rb1 Ba6 26. Be3 Qd5 27. b3 Bxd3 28. Nxc5 Bxc5 29. Bxc5 Qxc5 30. Qxd3 Qxf2+ 31. Kh1 Rbd8 32. Qc4+ Kh8 33. a4 Rd2 34. Rg1 Rf4 35. Qe6 e4 36. Rbc1 Rd8 37. Rce1 Qd4 38. g3 Rf6 1/2-1/2

[Event "Olympiad-45"]
[Site "Budapest"]
[Date "2024.09.16"]
[Round "6.32"]
[White "Mwali, Chitumbo"]
[Black "Fawzy, Adham"]
[Result "0-1"]
[WhiteElo "2312"]
[BlackElo "2507"]
[PlyCount "104"]
[EventDate "2024.09.11"]
[EventType "team-swiss"]
[EventRounds "11"]
[EventCountry "HUN"]
[SourceTitle "EXT 2025"]
[Source "ChessBase"]
[SourceDate "2024.10.14"]
[SourceVersion "1"]
[SourceVersionDate "2024.10.14"]
[SourceQuality "1"]
[WhiteTeam "Zambia"]
[BlackTeam "Egypt"]
[WhiteTeamCountry "ZAM"]
[BlackTeamCountry "EGY"]

1. c4 e5 2. g3 Nf6 3. Bg2 d5 4. cxd5 Nxd5 5. Nf3 Nc6 6. 0-0 Nb6 7. d3 Be7 8. a3 a5 9. b3 Be6 10. Bb2 f6 11. Nbd2 0-0 12. Rc1 Qd7 13. Qc2 Rfd8 14. Rfd1 Qe8 15. e3 Qf7 16. d4 exd4 17. Nxd4 Nxd4 18. Bxd4 Bxa3 19. Ra1 Bb4 20. Bxb7 Rab8 21. Be4 f5 22. Bc6 h6 23. Rab1 f4 24. gxf4 Rxd4 25. exd4 Nd5 26. Nf1 Nc3 27. Ng3 Nxb1 28. Rxb1 Qxf4 29. Be4 Rf8 30. Rd1 Bg4 31. Rd3 h5 32. h3 Be6 33. Rf3 Qg5 34. h4 Qxh4 35. Rxf8+ Bxf8 36. d5 Bg4 37. Qxc7 Qg5 38. d6 Qe5 39. Bg6 Bxd6 40. Qf7+ Kh8 41. Bxh5 Qe6 42. Kg2 Kh7 43. Qb7 Bh3+ 44. Kh2 Bf5 45. Bf7 Qh6+ 46. Kg1 Bxg3 47. fxg3 Qe3+ 48. Kh2 Be4 49. Qc7 Qf2+ 50. Kh3 Bg2+ 51. Kg4 Qf3+ 52. Kh4 Qf6+ 0-1

[Event "Africa-ch"]
[Site "Accra"]
[Date "2024.03.20"]
[Round "9"]
[White "Rakotomaharo, Fy Antenaina"]
[Black "Mwali, Chitumbo"]
[Result "0-1"]
[WhiteElo "2454"]
[BlackElo "2340"]
[PlyCount "174"]
[EventDate "2024.03.13"]
[EventType "swiss"]
[EventRounds "9"]
[EventCountry "GHA"]
[SourceTitle "EXT 2025"]
[Source "ChessBase"]
[SourceDate "2024.10.14"]
[SourceVersion "1"]
[SourceVersionDate "2024.10.14"]
[SourceQuality "1"]

1. Nf3 Nf6 2. c4 c5 3. Nc3 e6 4. g3 b6 5. Bg2 Bb7 6. 0-0 a6 7. Re1 Be7 8. e4 d6 9. d4 cxd4 10. Nxd4 Qc7 11. Be3 0-0 12. Rc1 Nbd7 13. h3 Rac8 14. f4 Qb8 15. Qe2 Rfe8 16. Nc2 Bf8 17. Bf2 g6 18. g4 h6 19. Rcd1 Qc7 20. Ne3 Nc5 21. Nf1 Ncd7 22. Nd2 Bg7 23. Bf3 Nh7 24. h4 g5 25. e5 Bxf3 26. Nxf3 gxf4 27. Ne4 Nxe5 28. Nxd6 Nxg4 29. b4 e5 30. Qe4 Nhf6 31. Qf5 e4 32. Nxe4 Nxe4 33. Rxe4 Rxe4 34. Qxe4 Nxf2 35. Kxf2 Qxc4 36. Rd8+ Bf8 37. Qxc4 Rxc4 38. Ne5 Rc2+ 39. Kf3 Kg7 40. Rd7 Kf6 41. Ng4+ Ke6 42. Rb7 Rc3+ 43. Kxf4 f5 44. Rxb6+ Bd6+ 45. Rxd6+ Kxd6 46. Nxh6 Rc4+ 47. Kxf5 Rxh4 48. Ng4 Kd5 49. a4 Rh3 50. Nf6+ Kc4 51. b5 a5 52. Nd7 Ra3 53. Nb6+ Kc5 54. Nd7+ Kd6 55. Nb6 Kc7 56. Nd5+ Kb7 57. Ke4 Rxa4+ 58. Kd3 Rh4 59. Kc3 a4 60. Kb2 Rd4 61. Ne3 Rb4+ 62. Ka2 Rxb5 63. Nc4 Rb4 64. Nb2 Ka6 65. Nd3 Rh4 66. Kb2 Kb5 67. Ka2 Rh2+ 68. Kb1 Kc4 69. Nc1 Kc3 70. Na2+ Kb3 71. Nc1+ Ka3 72. Nd3 Rh8 73. Nc1 Rh2 74. Nd3 Kb3 75. Nc1+ Kc4 76. Na2 a3 77. Nc1 Rb2+ 78. Ka1 Kc3 79. Na2+ Kc2 80. Nc3 Rb8 81. Ne2 Re8 82. Nd4+ Kc3 83. Nb5+ Kb4 84. Nd4 Re4 85. Nc6+ Kb5 86. Nd8 Re7 87. Ka2 Kb6 0-1

[Event "Africa-ch"]
[Site "Accra"]
[Date "2024.03.13"]
[Round "1"]
[White "Mwali, Chitumbo"]
[Black "Frempong, Smart Daniel"]
[Result "1-0"]
[WhiteElo "2340"]
[BlackElo "1877"]
[PlyCount "94"]
[EventDate "2024.03.13"]
[EventType "swiss"]
[EventRounds "9"]
[EventCountry "GHA"]
[SourceTitle "EXT 2025"]
[Source "ChessBase"]
[SourceDate "2024.10.14"]
[SourceVersion "1"]
[SourceVersionDate "2024.10.14"]
[SourceQuality "1"]

1. e4 c6 2. d4 d5 3. exd5 cxd5 4. Nf3 Nf6 5. Be2 Nc6 6. 0-0 Bf5 7. c3 Qc7 8. Nbd2 h6 9. Re1 e6 10. Nf1 Bd6 11. h3 0-0 12. Ne3 Be4 13. Nf1 Rab8 14. a4 a6 15. N1d2 Bh7 16. Nb3 Nb4 17. cxb4 Bc2 18. Qd2 Bxb3 19. Qc3 Qxc3 20. bxc3 Rfc8 21. Ra3 Rxc3 22. Nd2 Bxb4 23. Bb2 Bxa3 24. Bxc3 Bc2 25. Ra1 Bf8 26. Ra2 Bg6 27. Ba5 b6 28. Rb2 Nd7 29. Bb4 Bxb4 30. Rxb4 a5 31. Rb2 Rc8 32. Bb5 Nf6 33. Nf3 Rc1+ 34. Kh2 Rc2 35. Rxc2 Bxc2 36. Ne1 Bb3 37. f3 Kf8 38. Nd3 Bc4 39. Nb2 Bxb5 40. axb5 Ke7 41. Kg3 Kd6 42. Kf4 Ne8 43. Nd1 Nc7 44. Nc3 e5+ 45. dxe5+ Kc5 46. Kf5 Kc4 47. Na4 Kxb5 1-0

[Event "Africa-chT rapid 13th"]
[Site "Accra"]
[Date "2024.03.09"]
[Round "2.9"]
[White "Rakotomaharo, Fy Antenaina"]
[Black "Mwali, Chitumbo"]
[Result "1-0"]
[WhiteElo "2454"]
[BlackElo "2340"]
[PlyCount "81"]
[EventDate "2024.03.09"]
[EventType "team-swiss (rapid)"]
[EventRounds "6"]
[EventCountry "GHA"]
[SourceTitle "CBM 219 Extra"]
[Source "ChessBase"]
[SourceDate "2024.05.31"]
[SourceVersion "1"]
[SourceVersionDate "2024.05.31"]
[SourceQuality "1"]
[WhiteTeam "Madagascar"]
[BlackTeam "Zambia"]
[WhiteTeamCountry "MAD"]
[BlackTeamCountry "ZAM"]

1. d4 Nf6 2. Nf3 c5 3. e3 e6 4. Bd3 cxd4 5. exd4 d6 6. c4 Be7 7. Nc3 0-0 8. 0-0 a6 9. Bf4 b6 10. h3 Bb7 11. Re1 Nbd7 12. Bh2 Re8 13. Rc1 Bf8 14. Bb1 Rc8 15. b3 g6 16. Qd3 d5 17. cxd5 Ba3 18. dxe6 Bxc1 19. exf7+ Kxf7 20. Rxc1 Kg7 21. Ne5 Be4 22. Qe3 Bxb1 23. Rxb1 Qc7 24. Nxd7 Qxd7 25. Be5 Qf5 26. g4 Rxe5 27. dxe5 Nxg4 28. hxg4 Qxg4+ 29. Kf1 Rf8 30. e6 Rf3 31. Qe5+ Kh6 32. Nd5 Qh4 33. Rb2 Rf5 34. Qe3+ g5 35. Rd2 Qh1+ 36. Ke2 Qh5+ 37. f3 Qh2+ 38. Kd1 Qh1+ 39. Kc2 Rxf3 40. Qe5 Rf8 41. Rh2+ 1-0

[Event "Olympiad-44"]
[Site "Chennai"]
[Date "2022.07.30"]
[Round "2.2"]
[White "Mwali, Chitumbo"]
[Black "Thybo, Jesper Sondergaard"]
[Result "1/2-1/2"]
[WhiteElo "2320"]
[BlackElo "2520"]
[PlyCount "109"]
[EventDate "2022.07.29"]
[EventType "team-swiss"]
[EventRounds "11"]
[EventCountry "IND"]
[SourceTitle "CBM 210"]
[Source "ChessBase"]
[SourceDate "2022.10.31"]
[SourceVersion "1"]
[SourceVersionDate "2022.10.31"]
[SourceQuality "1"]
[WhiteTeam "Zambia"]
[BlackTeam "Denmark"]
[WhiteTeamCountry "ZAM"]
[BlackTeamCountry "DEN"]

1. Nf3 c5 2. c4 Nc6 3. g3 g6 4. Bg2 Bg7 5. Nc3 e5 6. 0-0 Nge7 7. a3 0-0 8. b4 d5 9. cxd5 Nxd5 10. Nxd5 Qxd5 11. Bb2 e4 12. Bxg7 Kxg7 13. Ne1 Bf5 14. d3 Rad8 15. Qb1 Rfe8 16. bxc5 Nd4 17. e3 Nb3 18. dxe4 Bxe4 19. Bxe4 Rxe4 20. Ra2 Re6 21. Nf3 Rf6 22. Rb2 Qxf3 23. Rxb3 Rd2 24. e4 Qe2 25. Re3 Qc4 26. e5 Re6 27. Qxb7 Qxc5 28. Qb4 Qd5 29. Rfe1 Rd4 30. Qb8 Qa5 31. Rc1 Rd8 32. Qc7 Qd2 33. Qc3 Qxc3 34. Rcxc3 Rd5 35. Rc7 Rdxe5 36. Rxe5 Rxe5 37. Rxa7 Re1+ 38. Kg2 h5 39. h4 Ra1 40. Kf3 Ra2 41. Ke3 Kf6 42. f3 Kg7 43. Ra4 Kg8 44. Kf4 Kg7 45. Ra7 Kf6 46. Ra6+ Kg7 47. a4 Ra3 48. Ra8 Ra1 49. a5 Ra4+ 50. Ke5 Ra3 51. Ke4 Ra4+ 52. Kd5 Ra3 53. Ke4 Ra4+ 54. Kd5 Ra3 55. Ke4 1/2-1/2

[Event "Africa-ch"]
[Site "Lilongwe"]
[Date "2021.05.23"]
[Round "5"]
[White "Mwali, Chitumbo"]
[Black "Kayonde, Andrew"]
[Result "1-0"]
[WhiteElo "2285"]
[BlackElo "2399"]
[PlyCount "59"]
[EventDate "2021.05.18"]
[EventType "swiss"]
[EventRounds "9"]
[EventCountry "MWI"]
[SourceTitle "CBM 202 Extra"]
[Source "ChessBase"]
[SourceDate "2021.07.31"]
[SourceVersion "1"]
[SourceVersionDate "2021.07.31"]
[SourceQuality "1"]

1. c4 e6 2. g3 d5 3. Bg2 dxc4 4. Nf3 a6 5. 0-0 Nf6 6. Na3 b5 7. d3 cxd3 8. Ne5 Ra7 9. Be3 c5 10. Nxd3 Rd7 11. Qc2 c4 12. Ne5 Rd6 13. Rad1 Rxd1 14. Rxd1 Nd5 15. Bf4 Bxa3 16. e4 Bd6 17. exd5 Qc7 18. Nxf7 Kxf7 19. dxe6+ Bxe6 20. Rxd6 Qc8 21. Rb6 Nd7 22. Rxe6 Kxe6 23. Qe4+ Kf7 24. Qd5+ Ke8 25. Bh3 h6 26. Qe6+ Kd8 27. Bd2 Qb7 28. Ba5+ Kc8 29. Bg2 Qa7 30. Qc6+ 1-0

[Event "Africa-ch"]
[Site "Lilongwe"]
[Date "2021.05.20"]
[Round "3"]
[White "Mwali, Chitumbo"]
[Black "Rakotomaharo, Fy Antenaina"]
[Result "0-1"]
[WhiteElo "2285"]
[BlackElo "2429"]
[PlyCount "62"]
[EventDate "2021.05.18"]
[EventType "swiss"]
[EventRounds "9"]
[EventCountry "MWI"]
[SourceTitle "CBM 202 Extra"]
[Source "ChessBase"]
[SourceDate "2021.07.31"]
[SourceVersion "1"]
[SourceVersionDate "2021.07.31"]
[SourceQuality "1"]

1. Nf3 d5 2. c4 d4 3. g3 Nc6 4. Bg2 e5 5. d3 Bb4+ 6. Nbd2 a5 7. 0-0 Nf6 8. Ne1 0-0 9. Nc2 Be7 10. a3 Nd7 11. Rb1 Nc5 12. b3 Bg4 13. Qe1 Qd7 14. b4 Na4 15. Nf3 Nc3 16. Rb2 Bf6 17. b5 Nd8 18. Bd2 e4 19. dxe4 Nxe2+ 20. Qxe2 d3 21. Qe3 Bxb2 22. Nce1 Bxf3 23. Bxf3 Ne6 24. e5 c6 25. a4 cxb5 26. cxb5 Rad8 27. Be4 Bxe5 28. Nxd3 Bd4 29. Qf3 b6 30. h4 Kh8 31. Bf4 Kg8 0-1

[Event "Online Olym Div3 C"]
[Site "Chess.com INT"]
[Date "2020.08.09"]
[Round "7.5"]
[White "Mwali, Chitumbo"]
[Black "Kett, Timothy"]
[Result "1-0"]
[WhiteElo "2257"]
[BlackElo "2178"]
[PlyCount "37"]
[EventDate "2020.08.07"]
[EventType "team-tourn (rapid)"]
[EventRounds "9"]
[EventCountry "USA"]
[SourceTitle "CBM 198"]
[Source "ChessBase"]
[SourceDate "2020.10.31"]
[SourceVersion "1"]
[SourceVersionDate "2020.10.31"]
[SourceQuality "1"]
[WhiteTeam "Zambia"]
[BlackTeam "Wales"]
[WhiteTeamCountry "ZAM"]
[BlackTeamCountry "WLS"]

1. c4 e6 2. g3 d5 3. Bg2 c5 4. Nf3 Nc6 5. b3 Nf6 6. 0-0 Be7 7. e3 0-0 8. Bb2 b6 9. Nc3 Bb7 10. cxd5 exd5 11. d4 Ne4 12. dxc5 Nxc3 13. Bxc3 bxc5 14. Rc1 Qd7 15. Bb2 a5 16. h4 Rfd8 17. Ng5 h6 18. Nh3 Ne5 19. Bxe5 1-0

[Event "Online Olym Div3 C"]
[Site "Chess.com INT"]
[Date "2020.08.08"]
[Round "5.4"]
[White "Mwali, Chitumbo"]
[Black "Abdulwahhab, Ahmed Abdulsattar"]
[Result "1-0"]
[WhiteElo "2257"]
[BlackElo "2227"]
[PlyCount "79"]
[EventDate "2020.08.07"]
[EventType "team-tourn (rapid)"]
[EventRounds "9"]
[EventCountry "USA"]
[SourceTitle "CBM 198"]
[Source "ChessBase"]
[SourceDate "2020.10.31"]
[SourceVersion "1"]
[SourceVersionDate "2020.10.31"]
[SourceQuality "1"]
[WhiteTeam "Zambia"]
[BlackTeam "Iraq"]
[WhiteTeamCountry "ZAM"]
[BlackTeamCountry "IRQ"]

1. c4 Nf6 2. g3 g6 3. Bg2 Bg7 4. Nc3 0-0 5. Nf3 d6 6. 0-0 Nc6 7. Rb1 a5 8. a3 Bf5 9. d3 Qd7 10. Re1 Bh3 11. Bh1 h6 12. b4 axb4 13. axb4 e5 14. b5 Nd8 15. Bd2 Ne6 16. Nd5 Kh7 17. Bc3 Nh5 18. e4 Bg4 19. Nxe5 Bxe5 20. Qxg4 Bxc3 21. Nxc3 Nf6 22. Qd1 Nd4 23. Ne2 Nxe2+ 24. Qxe2 Ra3 25. Qb2 Rxd3 26. Qxf6 Re8 27. Rbd1 Re6 28. Qf4 Rc3 29. e5 Qe7 30. Bd5 Rxe5 31. Rxe5 dxe5 32. Qxf7+ Qxf7 33. Bxf7 c6 34. Rd7 cxb5 35. cxb5 b6 36. Be8+ Kg8 37. Bxg6 Rc5 38. Bh7+ Kf8 39. Bd3 Ke8 40. Rd6 1-0

[Event "Africa-ch"]
[Site "Livingstone"]
[Date "2018.05.15"]
[Round "4"]
[White "Mabusela, Johannes Manyedi"]
[Black "Mwali, Chitumbo"]
[Result "1/2-1/2"]
[WhiteElo "2260"]
[BlackElo "2322"]
[PlyCount "28"]
[EventDate "2018.05.13"]
[EventType "swiss"]
[EventRounds "9"]
[EventCountry "ZAM"]
[SourceTitle "CBM 184 Extra"]
[Source "ChessBase"]
[SourceDate "2018.06.28"]
[SourceVersion "1"]
[SourceVersionDate "2018.06.28"]
[SourceQuality "1"]

1. d4 Nf6 2. c4 e6 3. Nc3 Bb4 4. Qc2 0-0 5. a3 Bxc3+ 6. Qxc3 b6 7. Bg5 Bb7 8. f3 d5 9. e3 Nbd7 10. Rc1 Rc8 11. Ra1 Ra8 12. Rc1 Rc8 13. Ra1 Ra8 14. Rc1 Rc8 1/2-1/2

[Event "Africa-ch"]
[Site "Livingstone"]
[Date "2018.05.14"]
[Round "2"]
[White "Paiva, Donaldo"]
[Black "Mwali, Chitumbo"]
[Result "1-0"]
[WhiteElo "2225"]
[BlackElo "2322"]
[PlyCount "59"]
[EventDate "2018.05.13"]
[EventType "swiss"]
[EventRounds "9"]
[EventCountry "ZAM"]
[SourceTitle "CBM 184 Extra"]
[Source "ChessBase"]
[SourceDate "2018.06.28"]
[SourceVersion "1"]
[SourceVersionDate "2018.06.28"]
[SourceQuality "1"]

1. d4 Nf6 2. c4 e6 3. Nc3 Bb4 4. Qc2 0-0 5. Nf3 b6 6. g3 Bb7 7. Bg2 d6 8. 0-0 Bxc3 9. Qxc3 a5 10. b3 Nbd7 11. Rd1 Be4 12. Bb2 c6 13. a4 Qb8 14. Bf1 h6 15. Nd2 Bg6 16. Bg2 d5 17. Re1 Re8 18. e4 dxe4 19. Nxe4 Nxe4 20. Bxe4 Bxe4 21. Rxe4 Qd6 22. Rae1 Qf8 23. Qf3 c5 24. dxc5 Qxc5 25. Rg4 e5 26. Bc1 Kf8 27. Qf5 Nf6 28. Rxg7 Kxg7 29. Bxh6+ Kxh6 30. Qxf6+ 1-0

[Event "Mansa Chilufya Memorial"]
[Site "Mansa"]
[Date "2017.10.23"]
[Round "7"]
[White "Mwali, Chitumbo"]
[Black "Gupta, Abhijeet"]
[Result "1/2-1/2"]
[WhiteElo "2334"]
[BlackElo "2619"]
[PlyCount "58"]
[EventDate "2017.10.20"]
[EventType "tourn"]
[EventRounds "9"]
[EventCountry "ZAM"]
[EventCategory "7"]
[SourceTitle "CBM 181 Extra"]
[Source "ChessBase"]
[SourceDate "2017.12.12"]
[SourceVersion "1"]
[SourceVersionDate "2017.12.12"]
[SourceQuality "1"]

1. c4 e5 2. g3 Nc6 3. Bg2 Bc5 4. Nc3 d6 5. a3 a6 6. e3 Ba7 7. Nge2 h5 8. h4 Bg4 9. d3 Nge7 10. b4 Qd7 11. Qd2 0-0 12. Bb2 Rab8 13. 0-0 Bh3 14. Nd5 Ng6 15. e4 Qg4 16. Bxh3 Qxh3 17. Qg5 Nd4 18. Bxd4 Bxd4 19. Nxd4 exd4 20. Qxh5 c6 21. Qf5 Qxf5 22. exf5 cxd5 23. fxg6 dxc4 24. dxc4 Rbc8 25. Rac1 fxg6 26. Rfd1 Rc6 27. Rxd4 b5 28. c5 Rfc8 29. Rd5 a5 1/2-1/2

[Event "Mansa Chilufya Memorial"]
[Site "Mansa"]
[Date "2017.10.21"]
[Round "4"]
[White "Bwalya, Gillan"]
[Black "Mwali, Chitumbo"]
[Result "1/2-1/2"]
[WhiteElo "2291"]
[BlackElo "2334"]
[PlyCount "31"]
[EventDate "2017.10.20"]
[EventType "tourn"]
[EventRounds "9"]
[EventCountry "ZAM"]
[EventCategory "7"]
[SourceTitle "CBM 181 Extra"]
[Source "ChessBase"]
[SourceDate "2017.12.12"]
[SourceVersion "1"]
[SourceVersionDate "2017.12.12"]
[SourceQuality "1"]

1. e4 e5 2. f4 exf4 3. Nf3 Be7 4. Bc4 Nf6 5. e5 Ng4 6. 0-0 Nc6 7. d4 d5 8. Bb5 0-0 9. h3 Ne3 10. Bxe3 fxe3 11. Qe2 f6 12. exf6 Bxf6 13. Qxe3 Bf5 14. Bxc6 bxc6 15. Nbd2 Qd6 16. c3 1/2-1/2

[Event "South African op"]
[Site "Durban"]
[Date "2017.07.22"]
[Round "11"]
[White "Mwali, Chitumbo"]
[Black "De Abreu, Roberto N"]
[Result "0-1"]
[WhiteElo "2356"]
[BlackElo "2145"]
[PlyCount "66"]
[EventDate "2017.07.14"]
[EventType "swiss"]
[EventRounds "11"]
[EventCountry "RSA"]
[SourceTitle "CBM 179 Extra"]
[Source "ChessBase"]
[SourceDate "2017.08.23"]
[SourceVersion "1"]
[SourceVersionDate "2017.08.23"]
[SourceQuality "1"]

1. c4 c5 2. g3 Nc6 3. Bg2 g6 4. Nc3 Bg7 5. e4 a6 6. a4 Nf6 7. Nge2 0-0 8. 0-0 Ne8 9. d3 Nc7 10. Be3 Ne6 11. Qd2 Ned4 12. Ra3 d6 13. Nd5 Bg4 14. Nxd4 cxd4 15. Bh6 e6 16. Bxg7 Kxg7 17. Nf4 g5 18. Nh3 Bxh3 19. Bxh3 h5 20. f4 g4 21. Bg2 e5 22. fxe5 dxe5 23. Rf5 Rh8 24. Ra1 f6 25. a5 b6 26. axb6 Qxb6 27. h3 Rh6 28. Qe2 Ne7 29. Rf2 Rg6 30. hxg4 hxg4 31. b4 Qxb4 32. Qa2 Qc3 33. Rb1 Qxd3 0-1

[Event "South African op"]
[Site "Durban"]
[Date "2017.07.21"]
[Round "10"]
[White "Mwali, Chitumbo"]
[Black "Masango, Spencer"]
[Result "1/2-1/2"]
[WhiteElo "2356"]
[BlackElo "2203"]
[PlyCount "83"]
[EventDate "2017.07.14"]
[EventType "swiss"]
[EventRounds "11"]
[EventCountry "RSA"]
[SourceTitle "CBM 179 Extra"]
[Source "ChessBase"]
[SourceDate "2017.08.23"]
[SourceVersion "1"]
[SourceVersionDate "2017.08.23"]
[SourceQuality "1"]

1. c4 c5 2. g3 g6 3. Bg2 Nc6 4. Nc3 Bg7 5. e4 d6 6. Nge2 Bg4 7. f3 Be6 8. d3 Qd7 9. Nf4 Bd4 10. Nce2 f6 11. Nxd4 Nxd4 12. Be3 Nc6 13. 0-0 Bf7 14. Bh3 e6 15. d4 cxd4 16. Bxd4 h5 17. c5 h4 18. Bg4 hxg3 19. hxg3 Nxd4 20. Qxd4 dxc5 21. Qc4 f5 22. Rad1 Qe7 23. exf5 gxf5 24. Rfe1 fxg4 25. Nxe6 Rh6 26. Nc7+ Kf8 27. Qf4 Rd8 28. Rxd8+ Qxd8 29. Re8+ Qxe8 30. Nxe8 Kxe8 31. Qb8+ Ke7 32. Qxb7+ Kf8 33. Qc8+ Kg7 34. Qxg4+ Rg6 35. Qf4 Bxa2 36. Kf2 Rb6 37. Qe5+ Kf7 38. g4 Ne7 39. f4 Be6 40. Qh5+ Kg7 41. Qg5+ Kf7 42. Qh5+ 1/2-1/2

[Event "South African op"]
[Site "Durban"]
[Date "2017.07.20"]
[Round "9"]
[White "Jere, Daniel"]
[Black "Mwali, Chitumbo"]
[Result "1/2-1/2"]
[WhiteElo "2380"]
[BlackElo "2356"]
[PlyCount "81"]
[EventDate "2017.07.14"]
[EventType "swiss"]
[EventRounds "11"]
[EventCountry "RSA"]
[SourceTitle "CBM 179 Extra"]
[Source "ChessBase"]
[SourceDate "2017.08.23"]
[SourceVersion "1"]
[SourceVersionDate "2017.08.23"]
[SourceQuality "1"]

1. c4 Nf6 2. Nf3 c6 3. g3 d5 4. Bg2 Bf5 5. Qb3 Qb6 6. cxd5 Qxb3 7. axb3 Nxd5 8. d3 Nb4 9. Na3 Nd7 10. Bd2 e5 11. 0-0 f6 12. d4 e4 13. Nh4 Be6 14. Bxe4 Bxb3 15. Nf5 g6 16. Ne3 f5 17. Bb1 Nb6 18. Nac2 Nxc2 19. Bxc2 Be6 20. Ng2 Bg7 21. Nf4 Bf7 22. e3 a6 23. Nd3 Nc4 24. Bb4 0-0-0 25. Rfc1 Nd6 26. Nc5 Bd5 27. Bd3 Ne4 28. Na4 Kb8 29. Nb6 Bf7 30. Bxe4 fxe4 31. Be7 Rde8 32. Bd6+ Ka7 33. Bc5 Kb8 34. Bd6+ Ka7 35. Nd7 Rd8 36. Bc5+ Ka8 37. Nb6+ Kb8 38. Be7 Rde8 39. Bd6+ Ka7 40. Bc5 Kb8 41. Be7 1/2-1/2

[Event "Africa-ch"]
[Site "Oran"]
[Date "2017.07.07"]
[Round "6"]
[White "Haddouche, Mohamed Amine"]
[Black "Mwali, Chitumbo"]
[Result "1/2-1/2"]
[WhiteElo "2492"]
[BlackElo "2356"]
[PlyCount "65"]
[EventDate "2017.07.02"]
[EventType "swiss"]
[EventRounds "9"]
[EventCountry "ALG"]
[SourceTitle "CBM 179 Extra"]
[Source "ChessBase"]
[SourceDate "2017.08.23"]
[SourceVersion "1"]
[SourceVersionDate "2017.08.23"]
[SourceQuality "1"]

1. e4 e5 2. Nf3 Nc6 3. Bc4 Nf6 4. d3 Be7 5. Nc3 0-0 6. a3 d6 7. h3 Be6 8. Nd5 Bxd5 9. exd5 Nb8 10. 0-0 Nbd7 11. Ba2 Ne8 12. d4 e4 13. Nd2 f5 14. Qe2 Bg5 15. f4 Bh6 16. Nc4 g6 17. Be3 Bg7 18. Na5 Rb8 19. c4 Ndf6 20. b4 Nh5 21. Kh2 Bh6 22. g3 Nef6 23. Qd2 Kh8 24. Bb3 Rg8 25. Rg1 Qe7 26. Bd1 Rg7 27. Rg2 Rf7 28. Qc1 Ng7 29. Be2 Nge8 30. Kg1 Bf8 31. g4 fxg4 32. hxg4 Ng7 33. Qe1 1/2-1/2